00579nam a2200193Ia 4500008004100000020001300041040001900054041001200073082003200085100002200117245005800139250001200197260003600209300002300245504006000268650002400328651001500352850001800367131103s9999 xx 000 0 und d cRs.10 00 aLoreto College aEnglish a157/COLbLCLIB(Press)/17322 aColeman, James C. aAbnormal psychology and modern lifecJames C. Coleman a3rd ed. aBombaybD B Taraporevalac1969c a694pb ill.c 24cm aIncludes bibliographical references, glossary and index aAbnormal psychology aPsychology aLCLIB/157/COL